000 02186nam2a2200313 4500
001 RU\NLR\BIBL_A\022279400
005 20250625183353.0
035 _a(NLR Aleph) 022279400
090 _a12386595
_c12386595
100 _a20060620d1894 |||y0rusy50 ca
101 0 _arus
102 _aRU
105 _aa z 001yy
200 1 _a[Судебныя места, образованныя на основании судебных уставов 20-го ноября 1864 года]
_eисправлен по 23 февраля
210 _d1894
_aБ. м.
215 _a[2], II, 513, II, III, LXII c.
_d23
316 _aЭкз. РНБ с рукоп. пометами в тексте и исправлением на тит. с.: в подзаг. словосочетание "23 февраля" зачеркнуто карандашом, приписаны другие даты, которые также зачеркнуты (кроме последней), конечная дата "20 августа"; с инскриптом (карандашом) в начале кн.: "Его Превосходительству Г. Директору Втораго Департамента Министерства Юстиции"
_5NLR
320 _aАлф. указ.: с. I-LXII 5-й паг.
461 0 _1001v19\rc\1444230
_12001#$aСписок чинам ведомства Министерства юстиции$v1894, ч. 2
_92599733
_aРоссия. Министерство юстиции
_cСанктпетербург [Санкт-Петербург]
_d1872-1913
_nпечатано в Типографии Правительствующаго Сената
_tСписок чинам ведомства Министерства юстиции
_v1894, ч. 2
518 1 _aСудебные места, образованные на основании судебных уставов 20 ноября 1864 года
801 0 _aRU
_bNLR
_gpsbo
801 0 _aRU
_bRuMoRGB
_2psbo
801 1 _aRU
_bProSoft-M
_2rusmarc
852 _aNLR
_j19.129.2.1(1894-2)
899 _aRuMoRGB (2)
_jM 105/69
899 _aRuMoRGB (2)
_jU 545/439
942 _cBOOK
980 _aNB